[Event "Klatovy op-B"]
[Site "Klatovy"]
[Date "1997.??.??"]
[Round "?"]
[White "Dvorak, J."]
[Black "Dufek, Martin"]
[Result "1-0"]
[WhiteElo "1880"]
[BlackElo "1740"]
[PlyCount "117"]
[EventDate "1997.??.??"]
[EventType "swiss"]
[EventRounds "9"]
[EventCountry "CZE"]
[SourceTitle "EXT 1998"]
[Source "ChessBase"]
[SourceDate "1997.11.17"]
[SourceVersion "1"]
[SourceVersionDate "1997.11.17"]
[SourceQuality "1"]

1. d4 Nf6 2. Bg5 g6 3. Bxf6 exf6 4. Nf3 Bg7 5. e3 0-0 6. Bd3 f5 7. 0-0 d6 8. Nbd2 Nd7 9. c4 Re8 10. Rb1 Nf6 11. Qc2 b6 12. b4 a5 13. a3 Bb7 14. c5 Bd5 15. Rfc1 axb4 16. axb4 dxc5 17. bxc5 bxc5 18. Qxc5 c6 19. Ne5 Rxe5 20. dxe5 Nd7 21. Qc2 Nxe5 22. Bc4 Nxc4 23. Nxc4 Be4 24. Qb3 Qg5 25. g3 Qg4 26. Nd2 Bd5 27. Qd1 Qg5 28. Nc4 Rd8 29. Qe2 h5 30. h4 Qe7 31. Rd1 Qe4 32. f3 Qe7 33. Nb6 Be6 34. Rbc1 Rxd1+ 35. Qxd1 f4 36. exf4 c5 37. Nc4 Bd4+ 38. Kg2 Qb7 39. Qe2 Qb5 40. Qc2 Qc6 41. Ne5 Qa8 42. Nxg6 Bg4 43. Ne7+ Kf8 44. Qe2 Qb7 45. Re1 Kg7 46. Qe4 Qb2+ 47. Re2 Qc1 48. Re1 Qb2+ 49. Qe2 Qb7 50. f5 Kf6 51. Qe4 Qb2+ 52. Re2 Qc1 53. Re1 Qb2+ 54. Qe2 Qb7 55. Rf1 c4 56. Kh2 Bxf5 57. Nxf5 Kxf5 58. Qxc4 Be5 59. Qe4+ 1-0

[Event "Klatovy op-B"]
[Site "Klatovy"]
[Date "1997.??.??"]
[Round "?"]
[White "Janowiak, K."]
[Black "Dufek, Martin"]
[Result "1-0"]
[WhiteElo "1755"]
[BlackElo "1740"]
[PlyCount "75"]
[EventDate "1997.??.??"]
[EventType "swiss"]
[EventRounds "9"]
[EventCountry "CZE"]
[SourceTitle "EXT 1998"]
[Source "ChessBase"]
[SourceDate "1997.11.17"]
[SourceVersion "1"]
[SourceVersionDate "1997.11.17"]
[SourceQuality "1"]

1. e4 c5 2. Nf3 d6 3. d4 cxd4 4. Nxd4 Nf6 5. Nc3 a6 6. Be2 g6 7. Be3 Bg7 8. f4 Nc6 9. 0-0 0-0 10. Bf3 Qc7 11. Kh1 Rb8 12. a4 Na5 13. Nb3 Be6 14. Nxa5 Qxa5 15. Qe1 Rfe8 16. Ne2 Qxe1 17. Rfxe1 Nd7 18. Nd4 Bc4 19. b3 Be6 20. f5 gxf5 21. exf5 Bxf5 22. Nxf5 Bxa1 23. Rxa1 Nf6 24. Bg5 b5 25. Nxe7+ Rxe7 26. Bxf6 Re6 27. axb5 Rxb5 28. Bh4 a5 29. h3 Kg7 30. Bd8 Ree5 31. Bc7 Rec5 32. c4 Rxb3 33. Bxd6 Rf5 34. c5 a4 35. Rxa4 Rb1+ 36. Kh2 Rb2 37. Rf4 Rg5 38. h4 1-0